000 00624nam a22001817a 4500
999 _c193855
_d193855
005 20230317124554.0
010 _aENG-135731
020 _a9788192157986
_c250.00
035 _aEN-119263
037 _bDBAD/PUB
082 _a363.5820954
100 _aSrinivas, Chandra
245 _aEmerging Dimension Of Housing Finance in India /
_cby Chandra Srinivas
260 _aHyderabad
_bParamount Publishing House
_c2012
270 _a3-5-1107, 1st Floor, Opp. Police Qutrs, Narayanguda
_bHyderabad
_e500029
_mparamoutnpublishers@gmail.com
300 _a206p.
_c24cm(pbk)
942 _2ddc
_cEN
_mSRI
_h363.5820954